| 000 | 00504cam a2200193ua 4500 | ||
|---|---|---|---|
| 001 | 5422 | ||
| 005 | 20260515113900.0 | ||
| 008 | 120903n xxk |||gr||||Z||||||eng | ||
| 020 | _a0-04-821039-0 | ||
| 040 | _cMAIN | ||
| 082 | _a821 | ||
| 100 | 1 |
_aTolkien, J. R. R., _eEditor, |
|
| 245 | 1 | 1 |
_aSir gawain and the green knight pearl and sir orfeo _cby J. R. R. Tolkien |
| 250 | _a1st. | ||
| 260 |
_aLondon: _bUnwin paperbacks, _c1979. |
||
| 300 |
_a142p: _c15cm. |
||
| 653 | _aEnglish poetry | ||
| 942 | _cBK | ||
| 999 |
_c4598 _d4598 |
||